000 00332 a2200157 4500
001 67908
020 _a9788466810234
040 _cAnchieta - Pituba
100 _aBeddall, Fiona
240 1 0 _aRobin Hood
_leng
245 1 0 _aRobin Hood
300 _a56
362 0 _a2008
650 4 _aLiteratura juvenil em inglês
942 _cBK
999 _c67908
_d67908